[Event "20. Obert Int. Sant Marti 2018"]
[Site "Barcelona ESP"]
[Date "2018.07.14"]
[Round "2.25"]
[White "Navarro Lopez-Menchero, Daniel"]
[Black "Kavisha, S Shah"]
[Result "1-0"]
[WhiteElo "2297"]
[BlackElo "1723"]
[PlyCount "85"]
[EventDate "2018.07.13"]
[EventType "swiss"]
[EventRounds "9"]
[EventCountry "ESP"]
[SourceTitle "Ajedrez en Madrid"]
[Source "lmi"]
[SourceDate "2018.07.13"]
[SourceVersion "1"]
[SourceVersionDate "2019.06.21"]
[SourceQuality "1"]

1. e4 c6 2. d4 d5 3. e5 Bf5 4. Nf3 e6 5. Be2 Nd7 6. O-O h6 7. Nbd2 Ne7 8. Nb3
g5 9. Ne1 Bg7 10. f4 gxf4 11. Bxf4 Qb6 12. a4 a6 13. Kh1 Bg6 14. a5 Qc7 15. Nd3
h5 16. Ndc5 Nxc5 17. Nxc5 h4 18. Ra3 Nf5 19. Qd2 Bf8 20. Qb4 Bxc5 21. Qxc5 Ne7
22. Bg5 Be4 23. Bf3 Bxf3 24. Raxf3 Nf5 25. Bf6 Rh6 26. Rf4 Rxf6 27. exf6 O-O-O
28. R4f3 Rg8 29. Qa7 Rg6 30. Rxf5 exf5 31. Re1 Rg8 32. Re7 Qb8 33. Qxb8+ Kxb8
34. Rxf7 Re8 35. Re7 Rf8 36. f7 Ka7 37. Kg1 h3 38. gxh3 f4 39. Kf2 f3 40. h4 c5
41. c3 c4 42. h5 Rg8 43. Rxb7+ 1-0

[Event "20. Obert Int. Sant Marti 2018"]
[Site "Barcelona ESP"]
[Date "2018.07.14"]
[Round "2.26"]
[White "Dahale, Atul"]
[Black "Ryan, Joseph"]
[Result "1/2-1/2"]
[WhiteElo "2040"]
[BlackElo "2273"]
[PlyCount "68"]
[EventDate "2018.07.13"]
[EventType "swiss"]
[EventRounds "9"]
[EventCountry "ESP"]
[SourceTitle "Ajedrez en Madrid"]
[Source "lmi"]
[SourceDate "2018.07.13"]
[SourceVersion "1"]
[SourceVersionDate "2019.06.21"]
[SourceQuality "1"]

1. d4 e6 2. c4 b6 3. Nf3 Bb7 4. a3 f5 5. g3 Nf6 6. Bg2 Be7 7. Nc3 Ne4 8. Nxe4
Bxe4 9. O-O O-O 10. Ne1 Bxg2 11. Nxg2 Bf6 12. d5 Na6 13. f3 Nc5 14. Rb1 a5 15.
b4 axb4 16. axb4 Na4 17. Rb3 b5 18. c5 Nc3 19. Qd3 Nxd5 20. e4 fxe4 21. fxe4
Ne7 22. Qxb5 Nc6 23. Qc4 Bd4+ 24. Be3 Rxf1+ 25. Qxf1 Qg5 26. Bxd4 Nxd4 27. Rd3
e5 28. Qd1 Qg6 29. Re3 Qc6 30. Nh4 Ra2 31. Nf5 Nxf5 32. Qb3+ Kh8 33. Qxa2 Nxe3
34. Qf2 h6 1/2-1/2

[Event "20. Obert Int. Sant Marti 2018"]
[Site "Barcelona ESP"]
[Date "2018.07.14"]
[Round "2.27"]
[White "Miralles Brugues, Jordi"]
[Black "Pena Gomez, Manuel"]
[Result "0-1"]
[WhiteElo "2011"]
[BlackElo "2475"]
[PlyCount "50"]
[EventDate "2018.07.13"]
[EventType "swiss"]
[EventRounds "9"]
[EventCountry "ESP"]
[SourceTitle "Ajedrez en Madrid"]
[Source "lmi"]
[SourceDate "2018.07.13"]
[SourceVersion "1"]
[SourceVersionDate "2019.06.21"]
[SourceQuality "1"]

1. d4 Nf6 2. Bf4 c5 3. e3 Qb6 4. Na3 cxd4 5. Qxd4 Qa5+ 6. Qd2 Qxd2+ 7. Kxd2 g6
8. Nb5 Na6 9. Be2 Bg7 10. Bf3 O-O 11. Ne2 d6 12. c4 Nc5 13. Nbc3 Bf5 14. Nd4
Be4 15. Nb3 Bxf3 16. gxf3 Ncd7 17. Nc1 Rfc8 18. b3 d5 19. N1e2 dxc4 20. Rab1
cxb3 21. Rxb3 Nc5 22. Rb5 a6 23. Rb4 Rd8+ 24. Rd4 Nfd7 25. Rd5 e6 0-1

[Event "20. Obert Int. Sant Marti 2018"]
[Site "Barcelona ESP"]
[Date "2018.07.14"]
[Round "2.28"]
[White "Anustoop, Biswas"]
[Black "Ruiz Castillo, Joshua Daniel"]
[Result "0-1"]
[WhiteElo "2052"]
[BlackElo "2410"]
[PlyCount "72"]
[EventDate "2018.07.13"]
[EventType "swiss"]
[EventRounds "9"]
[EventCountry "ESP"]
[SourceTitle "Ajedrez en Madrid"]
[Source "lmi"]
[SourceDate "2018.07.13"]
[SourceVersion "1"]
[SourceVersionDate "2019.06.21"]
[SourceQuality "1"]

1. e4 c6 2. d4 d5 3. f3 Qb6 4. Nc3 e6 5. a3 Nf6 6. Rb1 dxe4 7. fxe4 e5 8. Nf3
exd4 9. Qxd4 Bc5 10. Qe5+ Be6 11. Nd1 Nbd7 12. Qf4 Nf8 13. Bd3 Ng6 14. Qg3 h6
15. h3 O-O-O 16. b4 Rhe8 17. Bb2 Nh5 18. bxc5 Qa5+ 19. Bc3 Qxc3+ 20. Nxc3 Nxg3
21. Rg1 Nf4 22. Kd2 Bc4 23. Ne1 Bxd3 24. cxd3 Nxe4+ 25. Nxe4 Rxe4 26. Rf1 Re2+
27. Kc3 Nd5+ 28. Kb3 f6 29. g4 Nc7 30. h4 Ne6 31. Rc1 Rd5 32. Kb4 Rb2+ 33. Kc3
Rh2 34. Nf3 Rxc5+ 35. Kb4 Rb2+ 36. Ka4 b6 0-1

[Event "20. Obert Int. Sant Marti 2018"]
[Site "Barcelona ESP"]
[Date "2018.07.14"]
[Round "2.29"]
[White "Kadam, Om Manish"]
[Black "Ruperez, Miguel"]
[Result "0-1"]
[WhiteElo "1836"]
[BlackElo "2226"]
[PlyCount "139"]
[EventDate "2018.07.13"]
[EventType "swiss"]
[EventRounds "9"]
[EventCountry "ESP"]
[SourceTitle "Ajedrez en Madrid"]
[Source "lmi"]
[SourceDate "2018.07.13"]
[SourceVersion "1"]
[SourceVersionDate "2019.06.21"]
[SourceQuality "1"]

1. e4 c6 2. d4 d5 3. Nc3 dxe4 4. Nxe4 Nf6 5. Nxf6+ exf6 6. Nf3 Bd6 7. Be2 O-O
8. O-O Re8 9. Be3 Nd7 10. Qd2 Nf8 11. Rad1 Ng6 12. c4 f5 13. Qc2 f4 14. Bc1 Qf6
15. h3 Qf5 16. Qxf5 Bxf5 17. Bd3 Be4 18. Bxe4 Rxe4 19. Rfe1 Rae8 20. Rxe4 Rxe4
21. Re1 Re7 22. Kf1 f6 23. Bd2 Kf7 24. b4 b5 25. Rc1 bxc4 26. Rxc4 Rc7 27. Ke2
Ke6 28. Kd3 Ne7 29. a4 Rb7 30. Rc2 g5 31. Rc1 Bxb4 32. Re1+ Kd6 33. Rb1 Nd5 34.
a5 Rb5 35. Bxb4+ Rxb4 36. Rxb4 Nxb4+ 37. Kc4 Nd5 38. Nd2 f5 39. Nf3 g4 40. hxg4
fxg4 41. Ne5 h5 42. Nf7+ Kc7 43. Ne5 g3 44. fxg3 fxg3 45. Kd3 Nf4+ 46. Ke4 Nxg2
47. Kf3 Nh4+ 48. Kxg3 Nf5+ 49. Kf4 Nxd4 50. Kg5 Kd6 51. Nd3 Nb3 52. Kxh5 Nxa5
53. Kg4 Kd5 54. Kf3 Kd4 55. Ke2 c5 56. Kd2 Nc6 57. Nc1 Kc4 58. Nd3 Nb4 59. Nc1
a5 60. Ne2 a4 61. Kc1 a3 62. Kb1 Kb3 63. Nc1+ Kc3 64. Ka1 Kc2 65. Ne2 Kd2 66.
Ng3 Kd3 67. Nh5 c4 68. Nf4+ Kd2 69. Ne6 c3 70. Nd4 0-1

[Event "20. Obert Int. Sant Marti 2018"]
[Site "Barcelona ESP"]
[Date "2018.07.14"]
[Round "2.30"]
[White "Pinero Fernandez, Xavier"]
[Black "Samant, Aditya S"]
[Result "0-1"]
[WhiteElo "2218"]
[BlackElo "2191"]
[PlyCount "86"]
[EventDate "2018.07.13"]
[EventType "swiss"]
[EventRounds "9"]
[EventCountry "ESP"]
[SourceTitle "Ajedrez en Madrid"]
[Source "lmi"]
[SourceDate "2018.07.13"]
[SourceVersion "1"]
[SourceVersionDate "2019.06.21"]
[SourceQuality "1"]

1. d4 Nf6 2. Bf4 d5 3. e3 c5 4. c3 Nc6 5. Nd2 Bf5 6. Qb3 Qd7 7. Ngf3 cxd4 8.
exd4 a6 9. Nh4 Bg6 10. Be2 e6 11. O-O Be7 12. Nxg6 hxg6 13. Rfe1 Bd6 14. Bxd6
Qxd6 15. Nf3 O-O 16. Bd3 b5 17. Ne5 Rac8 18. a3 Nd7 19. f4 Nb6 20. Qd1 Nc4 21.
b4 N6xe5 22. fxe5 Qe7 23. Qe2 Nb6 24. Rac1 Qg5 25. Qe3 Qxe3+ 26. Rxe3 Na4 27.
Be2 Rc7 28. Bd1 Nb6 29. Bb3 Rfc8 30. Kf2 Ra7 31. Re2 a5 32. bxa5 Rxa5 33. Ra2
f6 34. Ke3 fxe5 35. dxe5 Nd7 36. Kd4 Rf8 37. g3 Rf5 38. Re1 Rg5 39. Bd1 Ra8 40.
g4 Rc8 41. a4 Rc4+ 42. Kd3 bxa4 43. Rxa4 Nc5+ 0-1

[Event "20. Obert Int. Sant Marti 2018"]
[Site "Barcelona ESP"]
[Date "2018.07.14"]
[Round "2.31"]
[White "Anadkat, Kartavya"]
[Black "Chernyak, Viktoria"]
[Result "0-1"]
[WhiteElo "1910"]
[BlackElo "2206"]
[PlyCount "73"]
[EventDate "2018.07.13"]
[EventType "swiss"]
[EventRounds "9"]
[EventCountry "ESP"]
[SourceTitle "Ajedrez en Madrid"]
[Source "lmi"]
[SourceDate "2018.07.13"]
[SourceVersion "1"]
[SourceVersionDate "2019.06.21"]
[SourceQuality "1"]

1. e4 c6 2. d4 d5 3. e5 c5 4. dxc5 Nc6 5. Bb5 e6 6. Be3 Nge7 7. c3 Qc7 8. Nf3
Nf5 9. Bd4 Be7 10. O-O Bd7 11. Na3 O-O 12. Bd3 a6 13. Nc2 a5 14. Na3 Nb8 15.
Nb5 Bxb5 16. Bxb5 Bxc5 17. Bd3 Nxd4 18. cxd4 Be7 19. h4 Nc6 20. g3 Rfc8 21. Kg2
Nb4 22. a3 Nxd3 23. Qxd3 Qb6 24. Ng5 g6 25. Qf3 Bxg5 26. hxg5 Qxd4 27. Rae1 Rc2
28. Rh1 Rac8 29. Rh4 Qxb2 30. Qf6 Rxf2+ 31. Qxf2 Rc2 32. Rf4 Rxf2+ 33. Rxf2
Qxa3 34. Kh3 Qe7 35. Kg4 Qc7 36. Kf4 b5 37. Rb1 0-1

[Event "20. Obert Int. Sant Marti 2018"]
[Site "Barcelona ESP"]
[Date "2018.07.14"]
[Round "2.32"]
[White "Iniyan, P."]
[Black "Claramunt Bassegoda, Marcel"]
[Result "1-0"]
[WhiteElo "2451"]
[BlackElo "1894"]
[PlyCount "49"]
[EventDate "2018.07.13"]
[EventType "swiss"]
[EventRounds "9"]
[EventCountry "ESP"]
[SourceTitle "Ajedrez en Madrid"]
[Source "lmi"]
[SourceDate "2018.07.13"]
[SourceVersion "1"]
[SourceVersionDate "2019.06.21"]
[SourceQuality "1"]

1. d4 Nf6 2. Nf3 d5 3. g3 e6 4. Bg2 Be7 5. O-O O-O 6. b3 b6 7. c4 Bb7 8. Nbd2
Nbd7 9. Bb2 c5 10. Rc1 Rc8 11. dxc5 Nxc5 12. b4 Nce4 13. Qa4 a6 14. Nxe4 Nxe4
15. Ne5 f6 16. cxd5 b5 17. Qa3 Bxd5 18. Rcd1 Qe8 19. Nd3 a5 20. Qxa5 Ra8 21.
Qb6 Rxa2 22. Bxe4 Bd8 23. Qd4 f5 24. Bxd5 Bf6 25. Qc5 1-0

[Event "20. Obert Int. Sant Marti 2018"]
[Site "Barcelona ESP"]
[Date "2018.07.14"]
[Round "2.33"]
[White "Grafl, Florian"]
[Black "Salvany Rius, Joaquim"]
[Result "1-0"]
[WhiteElo "2364"]
[BlackElo "1952"]
[PlyCount "75"]
[EventDate "2018.07.13"]
[EventType "swiss"]
[EventRounds "9"]
[EventCountry "ESP"]
[SourceTitle "Ajedrez en Madrid"]
[Source "lmi"]
[SourceDate "2018.07.13"]
[SourceVersion "1"]
[SourceVersionDate "2019.06.21"]
[SourceQuality "1"]

1. b4 d5 2. Bb2 Nf6 3. e3 Bf5 4. f4 e6 5. a3 a5 6. b5 Nbd7 7. Nf3 Be7 8. Be2
O-O 9. O-O c5 10. Nh4 Nb6 11. a4 Ne4 12. Nxf5 exf5 13. d3 Nd6 14. Ra2 Bf6 15.
Bc1 Re8 16. Bf3 d4 17. exd4 Bxd4+ 18. Kh1 Qf6 19. Nd2 Qe6 20. c4 Nd7 21. Nb3
Bc3 22. Ba3 Rec8 23. Qc1 Qf6 24. Rc2 Bb4 25. Bxb4 axb4 26. a5 Rab8 27. Re1 Nf8
28. Ra2 Ne6 29. a6 Qd8 30. Qe3 Qb6 31. axb7 Nxb7 32. Ra6 Qd8 33. Bd5 Kh8 34.
Bxe6 fxe6 35. Rxe6 h6 36. Qe5 Qxd3 37. Rxh6+ Kg8 38. Qe6+ 1-0

[Event "20. Obert Int. Sant Marti 2018"]
[Site "Barcelona ESP"]
[Date "2018.07.14"]
[Round "2.34"]
[White "Rueda Marquez, David J."]
[Black "Supriya, Joshi"]
[Result "1-0"]
[WhiteElo "2110"]
[BlackElo "1941"]
[PlyCount "97"]
[EventDate "2018.07.13"]
[EventType "swiss"]
[EventRounds "9"]
[EventCountry "ESP"]
[SourceTitle "Ajedrez en Madrid"]
[Source "lmi"]
[SourceDate "2018.07.13"]
[SourceVersion "1"]
[SourceVersionDate "2019.06.21"]
[SourceQuality "1"]

1. f4 Nf6 2. Nf3 g6 3. g3 Bg7 4. Bg2 O-O 5. O-O c5 6. d3 d5 7. Nc3 Nc6 8. e4
Bg4 9. h3 Bxf3 10. Bxf3 d4 11. Na4 Nd7 12. e5 Qc7 13. c4 e6 14. Bd2 f6 15. exf6
Bxf6 16. Qe2 Rae8 17. Qg2 Bg7 18. a3 e5 19. b4 exf4 20. gxf4 Bh6 21. Qg4 Kh8
22. Be4 Nf6 23. Qh4 Nh5 24. Nxc5 Bxf4 25. Bxf4 Nxf4 26. Rae1 g5 27. Qh6 Ne5 28.
Kh1 Qg7 29. Qxg7+ Kxg7 30. Bxb7 Nfxd3 31. Nxd3 Nxd3 32. Rxe8 Rxe8 33. c5 Kg6
34. c6 Ne1 35. c7 d3 36. c8=Q Rxc8 37. Bxc8 d2 38. Bf5+ Kf6 39. Bg4+ Ke5 40.
Rf2 Nd3 41. Rxd2 Nf4 42. Rd7 h5 43. Bd1 Nxh3 44. Bxh5 Kf4 45. Kg2 g4 46. Rd4+
Ke5 47. Rxg4 Nf4+ 48. Kf3 Nxh5 49. Rg5+ 1-0

[Event "20. Obert Int. Sant Marti 2018"]
[Site "Barcelona ESP"]
[Date "2018.07.14"]
[Round "2.35"]
[White "Coste, Roman"]
[Black "Gonzalez Saguillo, Oriol"]
[Result "0-1"]
[WhiteElo "1948"]
[BlackElo "2090"]
[PlyCount "48"]
[EventDate "2018.07.13"]
[EventType "swiss"]
[EventRounds "9"]
[EventCountry "ESP"]
[SourceTitle "Ajedrez en Madrid"]
[Source "lmi"]
[SourceDate "2018.07.13"]
[SourceVersion "1"]
[SourceVersionDate "2019.06.21"]
[SourceQuality "1"]

1. d4 Nf6 2. Bf4 g6 3. Nc3 Bg7 4. e4 d6 5. Qd2 h6 6. f3 c6 7. O-O-O b5 8. Kb1
Nbd7 9. e5 Nh5 10. exd6 Nxf4 11. Qxf4 e6 12. Qe4 Bb7 13. Nxb5 O-O 14. Nc3 Rb8
15. Nge2 Qb6 16. Na4 Qb4 17. d5 Qxd6 18. Qe3 cxd5 19. Nd4 Bc6 20. Nxc6 Qxc6 21.
Qa3 Rfc8 22. Bd3 Nc5 23. Nc3 Nxd3 24. cxd3 Qxc3 0-1

[Event "20. Obert Int. Sant Marti 2018"]
[Site "Barcelona ESP"]
[Date "2018.07.14"]
[Round "2.37"]
[White "Cabot Muntane, Jordi"]
[Black "Jaeel, Atharva"]
[Result "0-1"]
[WhiteElo "1933"]
[BlackElo "2083"]
[PlyCount "76"]
[EventDate "2018.07.13"]
[EventType "swiss"]
[EventRounds "9"]
[EventCountry "ESP"]
[SourceTitle "Ajedrez en Madrid"]
[Source "lmi"]
[SourceDate "2018.07.13"]
[SourceVersion "1"]
[SourceVersionDate "2019.06.21"]
[SourceQuality "1"]

1. d4 Nf6 2. Nf3 e6 3. Bf4 c5 4. c3 Nc6 5. e3 d5 6. Nbd2 a6 7. a4 Bd6 8. Bg5 h6
9. Bh4 O-O 10. Be2 b6 11. O-O Bb7 12. Qc2 Rc8 13. Rad1 Re8 14. Qb1 e5 15. dxe5
Nxe5 16. Nxe5 Rxe5 17. Bf3 Bc6 18. b3 Re6 19. Bg4 Bxh2+ 20. Kh1 Be5 21. Bxe6
fxe6 22. c4 Qe8 23. f4 Qh5 24. Nf3 Bc7 25. Kg1 Ng4 26. cxd5 Bxd5 27. e4 Bc6 28.
Rfe1 Bxf4 29. Bf2 Ne5 30. Nxe5 Qh2+ 31. Kf1 Bxe5 32. Qd3 Qh1+ 33. Ke2 Qxg2 34.
Rg1 Qxe4+ 35. Qxe4 Bxe4 36. Be3 Kh7 37. Rd7 Bd5 38. Ra7 Bxb3 0-1

[Event "20. Obert Int. Sant Marti 2018"]
[Site "Barcelona ESP"]
[Date "2018.07.14"]
[Round "2.38"]
[White "Borrellas Comellas, Josep"]
[Black "Riu Lopez, Sergi"]
[Result "1/2-1/2"]
[WhiteElo "2080"]
[BlackElo "1932"]
[PlyCount "72"]
[EventDate "2018.07.13"]
[EventType "swiss"]
[EventRounds "9"]
[EventCountry "ESP"]
[SourceTitle "Ajedrez en Madrid"]
[Source "lmi"]
[SourceDate "2018.07.13"]
[SourceVersion "1"]
[SourceVersionDate "2019.06.21"]
[SourceQuality "1"]

1. e4 c5 2. Nf3 Nc6 3. d4 cxd4 4. Nxd4 g6 5. Nxc6 bxc6 6. Qd4 f6 7. c4 Bg7 8.
Nc3 Nh6 9. Be2 O-O 10. Be3 d6 11. h3 f5 12. Qd2 Nf7 13. O-O fxe4 14. Nxe4 d5
15. cxd5 cxd5 16. Ng5 e5 17. Nxf7 Rxf7 18. f4 e4 19. Bd4 Bb7 20. Bxg7 Rxg7 21.
Qd4 Qb6 22. Rfd1 Rc7 23. Bf1 Rc2 24. Rab1 Rac8 25. Qxb6 axb6 26. a3 e3 27. Bd3
Rd2 28. Rxd2 exd2 29. Rd1 Rc1 30. Be2 Rc2 31. b4 Ra2 32. Kf2 Rxa3 33. Rxd2 Rc3
34. g3 Kf7 35. Rd4 Ke6 36. Rd3 Rxd3 1/2-1/2

[Event "20. Obert Int. Sant Marti 2018"]
[Site "Barcelona ESP"]
[Date "2018.07.14"]
[Round "2.39"]
[White "Montell Zabay, Alberto"]
[Black "Kumar, Gaurav"]
[Result "0-1"]
[WhiteElo "1928"]
[BlackElo "2074"]
[PlyCount "62"]
[EventDate "2018.07.13"]
[EventType "swiss"]
[EventRounds "9"]
[EventCountry "ESP"]
[SourceTitle "Ajedrez en Madrid"]
[Source "lmi"]
[SourceDate "2018.07.13"]
[SourceVersion "1"]
[SourceVersionDate "2019.06.21"]
[SourceQuality "1"]

1. e4 e5 2. Nf3 Nc6 3. Bc4 Nf6 4. d3 Be7 5. c3 O-O 6. Nbd2 d5 7. Bb3 dxe4 8.
dxe4 Bc5 9. O-O Qe7 10. Qe2 Nh5 11. Nc4 Nf4 12. Bxf4 exf4 13. Ne1 Qg5 14. Kh1
Bg4 15. f3 Be6 16. Nd3 Be7 17. Nd2 Qh6 18. e5 Bh4 19. Nf2 Rae8 20. Bxe6 Qxe6
21. Nd3 Nxe5 22. Nxf4 Qh6 23. Nh3 Ng4 24. Ne4 Ne3 25. Rg1 f5 26. Nef2 Qc6 27.
Qd3 Nc4 28. b3 Ne5 29. Qd4 Bf6 30. Qf4 Ng6 31. Qg3 Bh4 0-1

[Event "20. Obert Int. Sant Marti 2018"]
[Site "Barcelona ESP"]
[Date "2018.07.14"]
[Round "2.40"]
[White "Gomez Barrera, Javiera Belen"]
[Black "Davtyan, David Arm."]
[Result "0-1"]
[WhiteElo "2063"]
[BlackElo "1926"]
[PlyCount "144"]
[EventDate "2018.07.13"]
[EventType "swiss"]
[EventRounds "9"]
[EventCountry "ESP"]
[SourceTitle "Ajedrez en Madrid"]
[Source "lmi"]
[SourceDate "2018.07.13"]
[SourceVersion "1"]
[SourceVersionDate "2019.06.21"]
[SourceQuality "1"]

1. e4 c5 2. Nf3 d6 3. d4 cxd4 4. Nxd4 Nf6 5. Nc3 Nc6 6. f3 e5 7. Nb3 Be7 8. Be3
Be6 9. Qe2 a5 10. O-O-O a4 11. Nc5 a3 12. b3 Qa5 13. N5a4 O-O 14. Qb5 Qb4 15.
Kb1 Rfd8 16. Qxb4 Nxb4 17. Nb6 Rab8 18. Bg5 Kf8 19. Bb5 h6 20. Bc1 d5 21. Bxa3
d4 22. Nca4 Nh5 23. g3 g5 24. Rhf1 Kg7 25. Rd2 Nf6 26. Re2 Ne8 27. Rd2 f5 28.
exf5 Bxf5 29. Bb2 Nc7 30. Bc4 Nc6 31. Rfd1 Bg6 32. a3 Bh5 33. g4 Bg6 34. Bd3
Ne6 35. Bxg6 Kxg6 36. c3 dxc3 37. Bxc3 Ncd4 38. Bxd4 Nxd4 39. Rd3 Bxa3 40. Nc4
Bd6 41. Nab6 Bc7 42. Kb2 Kf6 43. R1d2 Ke6 44. Re3 Nc6 45. Rde2 Rd4 46. Kc3 Rbd8
47. b4 Bxb6 48. Nxb6 Rxb4 49. Rxe5+ Nxe5 50. Kxb4 Kf6 51. Kc5 Nd3+ 52. Kc4 Nf4
53. Rf2 Rd6 54. Na4 Rc6+ 55. Kb3 Ke5 56. Nc3 Kd4 57. Nd1 Rb6+ 58. Kc2 Rc6+ 59.
Kd2 Ra6 60. Ne3 Ra2+ 61. Nc2+ Kc4 62. Rf1 Ne6 63. Rb1 Nd4 64. Rb4+ Kc5 65. Rxb7
Rxc2+ 66. Kd3 Rxh2 67. Rc7+ Nc6 68. Ke4 Kd6 69. Rg7 Re2+ 70. Kd3 Re6 71. Rh7
Ne5+ 72. Kc3 Nxf3 0-1

[Event "20. Obert Int. Sant Marti 2018"]
[Site "Barcelona ESP"]
[Date "2018.07.14"]
[Round "2.41"]
[White "Alcaraz Lopez, Francesc"]
[Black "Guix Torres, David"]
[Result "0-1"]
[WhiteElo "1889"]
[BlackElo "2059"]
[PlyCount "72"]
[EventDate "2018.07.13"]
[EventType "swiss"]
[EventRounds "9"]
[EventCountry "ESP"]
[SourceTitle "Ajedrez en Madrid"]
[Source "lmi"]
[SourceDate "2018.07.13"]
[SourceVersion "1"]
[SourceVersionDate "2019.06.21"]
[SourceQuality "1"]

1. c4 c5 2. Nf3 g6 3. g3 Bg7 4. Bg2 Nc6 5. Nc3 e5 6. d3 Nge7 7. O-O h6 8. e4
O-O 9. Be3 d6 10. Nd5 f5 11. Ne1 Rb8 12. Rb1 Bd7 13. f4 b5 14. b3 fxe4 15. dxe4
bxc4 16. bxc4 Rxb1 17. Qxb1 exf4 18. gxf4 Nxd5 19. cxd5 Nd4 20. Qd1 Qa5 21. Rf2
Rb8 22. Nf3 Bg4 23. h3 Qa3 24. Qe1 Nxf3+ 25. Bxf3 Bxf3 26. Rxf3 Qxa2 27. Rf2
Qc4 28. Re2 Qd3 29. Qf2 Qxe4 30. Bxc5 Rb1+ 31. Kh2 Qh1+ 32. Kg3 dxc5 33. Re8+
Kh7 34. Re7 Rg1+ 35. Kh4 g5+ 36. fxg5 hxg5+ 0-1

[Event "20. Obert Int. Sant Marti 2018"]
[Site "Barcelona ESP"]
[Date "2018.07.14"]
[Round "2.42"]
[White "Busquets, Luis"]
[Black "Oualili, Abdelali"]
[Result "1-0"]
[WhiteElo "2055"]
[BlackElo "1887"]
[PlyCount "62"]
[EventDate "2018.07.13"]
[EventType "swiss"]
[EventRounds "9"]
[EventCountry "ESP"]
[SourceTitle "Ajedrez en Madrid"]
[Source "lmi"]
[SourceDate "2018.07.13"]
[SourceVersion "1"]
[SourceVersionDate "2019.06.21"]
[SourceQuality "1"]

1. e4 c5 2. Nf3 d6 3. d4 cxd4 4. Nxd4 Nf6 5. Nc3 a6 6. Bg5 e5 7. Bxf6 Qxf6 8.
Nd5 Qd8 9. Nf5 Be6 10. Bc4 Nd7 11. O-O Nb6 12. Bb3 Nxd5 13. Bxd5 Rb8 14. a4 g6
15. Ne3 Be7 16. a5 O-O 17. Qd3 Qd7 18. g3 Rfc8 19. f4 exf4 20. gxf4 Bxd5 21.
Nxd5 Re8 22. f5 Bd8 23. b4 Rc8 24. c3 Re5 25. Kh1 Qe8 26. fxg6 hxg6 27. Rf4 f5
28. exf5 Re1+ 29. Rxe1 Qxe1+ 30. Rf1 Qe5 31. fxg6 Bg5 1-0

[Event "20. Obert Int. Sant Marti 2018"]
[Site "Barcelona ESP"]
[Date "2018.07.14"]
[Round "2.43"]
[White "Varela Cuadrado, Cesar"]
[Black "Brunet Gil, Pol"]
[Result "1-0"]
[WhiteElo "1856"]
[BlackElo "2052"]
[PlyCount "111"]
[EventDate "2018.07.13"]
[EventType "swiss"]
[EventRounds "9"]
[EventCountry "ESP"]
[SourceTitle "Ajedrez en Madrid"]
[Source "lmi"]
[SourceDate "2018.07.13"]
[SourceVersion "1"]
[SourceVersionDate "2019.06.21"]
[SourceQuality "1"]

1. e4 c5 2. Nf3 Nc6 3. Bb5 g6 4. Bxc6 dxc6 5. d3 Bg7 6. h3 Nf6 7. O-O O-O 8.
Nc3 Nd7 9. Be3 e5 10. Qd2 b6 11. Nh2 Bb7 12. Bh6 Qe7 13. Bxg7 Kxg7 14. f4 exf4
15. Qxf4 Ne5 16. Nf3 Nxf3+ 17. Rxf3 Rad8 18. b3 Qd6 19. Qd2 Ba6 20. Raf1 c4 21.
bxc4 Bxc4 22. Ne2 Ba6 23. Qc3+ f6 24. Qb3 Bc8 25. Kh1 Rde8 26. Qb2 Re5 27. Ng1
Ra5 28. R3f2 Qe5 29. c3 Be6 30. Nf3 Qd6 31. Qb1 Rb5 32. Qc2 Ra5 33. c4 c5 34.
a4 Bd7 35. Qc3 Kg8 36. e5 Qe7 37. exf6 Rxf6 38. Re1 Re6 39. Rxe6 Bxe6 40. Qe5
Qf7 41. Kg1 Bf5 42. Ng5 Qg7 43. Qe8+ Qf8 44. Qc6 Qe7 45. Ne4 Bxe4 46. dxe4 Kg7
47. Rd2 Qe5 48. Rd5 Qf4 49. Rd1 Qe3+ 50. Kh1 Qe2 51. Rd7+ Kh6 52. Qf6 Qe1+ 53.
Kh2 Qxe4 54. Qf8+ Kg5 55. Rd5+ Kh4 56. Qh6# 1-0

[Event "20. Obert Int. Sant Marti 2018"]
[Site "Barcelona ESP"]
[Date "2018.07.14"]
[Round "2.44"]
[White "Castrillo Mansego, Pablo"]
[Black "Pena Mor, David"]
[Result "0-1"]
[WhiteElo "2020"]
[BlackElo "1858"]
[PlyCount "55"]
[EventDate "2018.07.13"]
[EventType "swiss"]
[EventRounds "9"]
[EventCountry "ESP"]
[SourceTitle "Ajedrez en Madrid"]
[Source "lmi"]
[SourceDate "2018.07.13"]
[SourceVersion "1"]
[SourceVersionDate "2019.06.21"]
[SourceQuality "1"]

1. e4 c5 2. d4 cxd4 3. c3 dxc3 4. Nxc3 d6 5. Bc4 Nf6 6. e5 Qc7 7. Qb3 d5 8.
Bb5+ Nfd7 9. Nf3 e6 10. Bf4 a6 11. Rc1 Nc6 12. Qa4 axb5 13. Qxa8 Nb6 14. Nxb5
Qd7 15. Rxc6 Nxa8 16. Rc2 Bb4+ 17. Bd2 Bxd2+ 18. Kxd2 O-O 19. Nd6 b6 20. Rhc1
Ba6 21. b4 Bc4 22. Ke3 b5 23. a4 bxa4 24. Rd2 Qa7+ 25. Nd4 Nb6 26. Nc6 Qc7 27.
b5 a3 28. Nb4 0-1

[Event "20. Obert Int. Sant Marti 2018"]
[Site "Barcelona ESP"]
[Date "2018.07.14"]
[Round "2.45"]
[White "Ghelani, Dhairya"]
[Black "Haak, Eelco"]
[Result "1-0"]
[WhiteElo "1778"]
[BlackElo "2015"]
[PlyCount "41"]
[EventDate "2018.07.13"]
[EventType "swiss"]
[EventRounds "9"]
[EventCountry "ESP"]
[SourceTitle "Ajedrez en Madrid"]
[Source "lmi"]
[SourceDate "2018.07.13"]
[SourceVersion "1"]
[SourceVersionDate "2019.06.21"]
[SourceQuality "1"]

1. d4 Nf6 2. c4 g6 3. Nc3 Bg7 4. e4 d6 5. Nf3 O-O 6. Be2 Nbd7 7. O-O c6 8. e5
Ne8 9. Bf4 Qa5 10. exd6 Nxd6 11. Qd2 Re8 12. c5 Nb5 13. Nxb5 Qxd2 14. Nxd2 cxb5
15. Bxb5 Bxd4 16. c6 e5 17. cxd7 Bxd7 18. Bxd7 Red8 19. Nf3 Bxb2 20. Rab1 exf4
21. Ba4 1-0